| 000 | 00911pam a2200277 a 4500 | ||
|---|---|---|---|
| 001 | 1581027 | ||
| 003 | ARRUPE | ||
| 005 | 20211019102251.0 | ||
| 008 | 931202s1994 maua b 001 0 eng | ||
| 010 | _a 93044754 | ||
| 020 | _a0262023687 | ||
| 040 |
_aDLC _cDLC _dDLC |
||
| 050 | 0 | 0 |
_aBF408 _b.D56 1994 |
| 082 | 0 | 0 |
_a153.3/5 _220 |
| 245 | 0 | 0 |
_aDimensions of creativity / _cedited by Margaret A. Boden. |
| 260 |
_aCambridge, Mass. : _bMIT Press, _cc1994. |
||
| 300 |
_a242 p. : _bill. ; _c24 cm. |
||
| 500 | _a"A Bradford book." | ||
| 504 | _aIncludes bibliographical references and index. | ||
| 650 | 0 |
_aCreative ability. _914958 |
|
| 650 | 0 |
_aCreative thinking. _914961 |
|
| 700 | 1 |
_aBoden, Margaret A. _914645 |
|
| 906 |
_a7 _bcbc _corignew _d1 _eocip _f19 _gy-gencatlg |
||
| 942 |
_2lcc _cMONOGRAPH |
||
| 999 |
_c130928 _d130928 |
||